[Event "Ïåðâåíñòâî Ìîñêâû ïî øàõìàòàì"]
[Site "Ìîñêâà, ÌÃÈÌÎ ïð. Âåðíàäñêîãî,"]
[Date "2018.11.20"]
[Round "4.12"]
[White "Tarasov, Lev"]
[Black "Kolobov, Dmitriy"]
[Result "1/2-1/2"]
[WhiteElo "1323"]
[BlackElo "1484"]
[PlyCount "93"]
[EventDate "2018.11.18"]

1. d4 Nf6 2. c4 e6 3. Nc3 Bb4 4. Qc2 d5 5. Nf3 Nbd7 6. Bg5 h6 7. Bh4 b6 8. cxd5
exd5 9. e3 O-O 10. Bd3 Bb7 11. O-O Rc8 12. Rac1 Bxc3 13. bxc3 Qe8 14. Qe2 a5
15. Bb1 Ne4 16. Qd3 f5 17. Nd2 g5 18. Bg3 Kh8 19. f3 Nxd2 20. Qxd2 Qe7 21. Rfe1
Qf7 22. Qd3 h5 23. Qd2 h4 24. Bf2 Qh5 25. Bd3 h3 26. Bg3 hxg2 27. Kxg2 g4 28.
fxg4 fxg4 29. Rf1 Qh3+ 30. Kg1 Rf3 31. Bf4 Rg8 32. Be2 Rxf4 33. exf4 g3 34. Bf3
gxh2+ 35. Kh1 Ba6 36. Rf2 Rg1+ 37. Rxg1 hxg1=Q+ 38. Kxg1 Qg3+ 39. Bg2 Nf6 40.
Rf3 Qg4 41. Rh3+ Kg7 42. Kh2 Qf5 43. Bf3 Bf1 44. Rg3+ Kf7 45. Qf2 Qh7+ 46. Kg1
Bc4 47. Rg2 1/2-1/2

[Event "Ïåðâåíñòâî Ìîñêâû ïî øàõìàòàì"]
[Site "Ìîñêâà, ÌÃÈÌÎ ïð. Âåðíàäñêîãî,"]
[Date "2018.11.20"]
[Round "4.13"]
[White "Savichev, Ivan"]
[Black "Safinov, Artem"]
[Result "1/2-1/2"]
[WhiteElo "1453"]
[BlackElo "1452"]
[PlyCount "81"]
[EventDate "2018.11.18"]

1. e4 e6 2. d4 d5 3. Nd2 c5 4. exd5 Qxd5 5. dxc5 Qxc5 6. Ngf3 Nf6 7. Bd3 Qc7 8.
O-O Bd6 9. h3 O-O 10. Nc4 Be7 11. Bg5 Nd5 12. Bd2 Nc6 13. Re1 b6 14. c3 Bb7 15.
Qc2 h6 16. Rad1 Rfd8 17. Qb1 Rac8 18. Bf1 Nf6 19. Qc1 Bf8 20. Bf4 Rxd1 21. Rxd1
Qe7 22. Bd6 Qe8 23. Bxf8 Qxf8 24. Nd6 Rb8 25. Bb5 Ba8 26. Nc4 Rd8 27. Nce5 Nxe5
28. Nxe5 Rd6 29. Nd7 Nxd7 30. Bxd7 Qe7 31. Ba4 Qd8 32. Rxd6 Qxd6 33. Qd1 Qxd1+
34. Bxd1 Kf8 35. g3 Ke7 36. Kf1 Kd6 37. Ke2 e5 38. Ke3 Bd5 39. a3 g5 40. Bg4
Kc5 41. Bf5 1/2-1/2

[Event "Ïåðâåíñòâî Ìîñêâû ïî øàõìàòàì"]
[Site "Ìîñêâà, ÌÃÈÌÎ ïð. Âåðíàäñêîãî,"]
[Date "2018.11.20"]
[Round "4.14"]
[White "Urivskiy, Arseniy A"]
[Black "Sarkisyan, Sarkis"]
[Result "1-0"]
[WhiteElo "1234"]
[BlackElo "1327"]
[PlyCount "61"]
[EventDate "2018.11.18"]

1. e4 c5 2. c3 d5 3. exd5 Qxd5 4. d4 Nf6 5. Nf3 e6 6. Be2 Be7 7. O-O O-O 8. c4
Qd8 9. Nc3 Qc7 10. b3 a6 11. dxc5 Rd8 12. Qc2 Bxc5 13. Bg5 Nbd7 14. Rad1 b6 15.
Ne4 Be7 16. Nxf6+ Bxf6 17. Bxf6 Nxf6 18. Rxd8+ Qxd8 19. Rd1 Qc7 20. b4 Bb7 21.
Qb2 Rd8 22. Rxd8+ Qxd8 23. c5 bxc5 24. bxc5 Qc8 25. Nd4 Nd7 26. Nb3 Bd5 27. Qc3
Qc6 28. Bf1 h6 29. h3 Kf8 30. Qa5 Bxb3 31. Qd8# 1-0

[Event "Ïåðâåíñòâî Ìîñêâû ïî øàõìàòàì"]
[Site "Ìîñêâà, ÌÃÈÌÎ ïð. Âåðíàäñêîãî,"]
[Date "2018.11.20"]
[Round "4.15"]
[White "Yusupov, Ilya"]
[Black "Razhbadinov, Rasul"]
[Result "1-0"]
[WhiteElo "1461"]
[BlackElo "1529"]
[PlyCount "85"]
[EventDate "2018.11.18"]

1. d4 d5 2. c4 e6 3. Nc3 Nf6 4. cxd5 exd5 5. Bg5 c6 6. Qc2 Be7 7. e3 a5 8. Bd3
Na6 9. a3 Nc7 10. h3 Ne6 11. Bh4 g6 12. Nf3 Ng7 13. Bg3 Bf5 14. O-O Bxd3 15.
Qxd3 Nf5 16. Bh2 O-O 17. Rac1 Nd6 18. Nd2 Re8 19. Rfe1 Nfe4 20. Ndxe4 Nxe4 21.
f3 Nxc3 22. Qxc3 f5 23. Qb3 Qd7 24. Rcd1 Kg7 25. Be5+ Bf6 26. f4 Kf7 27. Qc2
Bh4 28. Rf1 Be7 29. Qe2 h5 30. g3 b5 31. Rf2 b4 32. a4 b3 33. Rg2 c5 34. g4
hxg4 35. hxg4 c4 36. Rh2 Rg8 37. Rh7+ Ke6 38. gxf5+ gxf5+ 39. Kf1 Rg6 40. e4
Rf8 41. Qh5 Qe8 42. exd5+ Kd7 43. d6 1-0

[Event "Ïåðâåíñòâî Ìîñêâû ïî øàõìàòàì"]
[Site "Ìîñêâà, ÌÃÈÌÎ ïð. Âåðíàäñêîãî,"]
[Date "2018.11.20"]
[Round "4.16"]
[White "Zatsepin, Egor"]
[Black "Asatryan, Leon"]
[Result "1/2-1/2"]
[WhiteElo "1191"]
[BlackElo "1618"]
[PlyCount "80"]
[EventDate "2018.11.18"]

1. d4 d5 2. Nf3 Nf6 3. g3 e6 4. Bg2 c5 5. O-O Nc6 6. c4 dxc4 7. dxc5 Bxc5 8.
Qxd8+ Kxd8 9. Rd1+ Ke7 10. Nc3 Bd7 11. Nd2 Na5 12. Nde4 Nxe4 13. Nxe4 Bb6 14.
Nd6 Ba4 15. Rd2 Rhd8 16. Nxb7 Nxb7 17. Bxb7 Rxd2 18. Bxd2 Rb8 19. Bg2 Bd4 20.
Bc3 Bxc3 21. bxc3 Rb2 22. Bf3 Rc2 23. Rb1 Rxc3 24. Rb7+ Kf6 25. Rxa7 Bd1 26.
Rc7 Rc1 27. Kg2 c3 28. Be4 c2 29. Rc4 Ke5 30. Bd3 f5 31. a4 Kd5 32. Rc8 Kd6 33.
Rc4 g5 34. a5 h5 35. Kf3 Ke5 36. Ke3 Ra1 37. Bxc2 Bxc2 38. Rxc2 Rxa5 39. f3 f4+
40. Kf2 Kf5 1/2-1/2

[Event "Ïåðâåíñòâî Ìîñêâû ïî øàõìàòàì"]
[Site "Ìîñêâà, ÌÃÈÌÎ ïð. Âåðíàäñêîãî,"]
[Date "2018.11.20"]
[Round "4.17"]
[White "Iakushkov, Pavel"]
[Black "Tetyuev, Stepan"]
[Result "0-1"]
[WhiteElo "1656"]
[BlackElo "1431"]
[PlyCount "118"]
[EventDate "2018.11.18"]

1. Nf3 Nf6 2. g3 b5 3. Bg2 Bb7 4. Na3 a6 5. c4 e6 6. cxb5 Bxa3 7. bxa3 axb5 8.
Rb1 Bc6 9. O-O O-O 10. d3 Qc8 11. Bb2 Qd8 12. Qd2 d6 13. Rfc1 Ra6 14. Qc3 e5
15. h3 Qc8 16. d4 exd4 17. Qxd4 Ra4 18. Qc3 Qb7 19. g4 Be4 20. Ra1 Na6 21. g5
Rc4 22. Qd2 Nd5 23. Rxc4 bxc4 24. Qd4 c3 25. Bxc3 Nxc3 26. Qxc3 Nc5 27. Rc1 Ra8
28. h4 Qa6 29. Qd4 Qxe2 30. Re1 Qxa2 31. Rxe4 Nxe4 32. Qxe4 Qxa3 33. Nd4 Rf8
34. Nc6 Qa1+ 35. Kh2 Qa2 36. Nd4 Qxf2 37. Nf5 Qb2 38. Ne7+ Kh8 39. Nc6 Qf2 40.
h5 f5 41. Qe7 Qh4+ 42. Bh3 Ra8 43. Na5 Qf4+ 44. Kh1 Qc1+ 45. Kh2 Qd2+ 46. Bg2
Rb8 47. Nb7 Qf4+ 48. Kg1 Qc1+ 49. Kh2 Qf4+ 50. Kg1 Qd4+ 51. Kh2 Qh4+ 52. Kg1
Qxh5 53. Qxc7 Re8 54. Qc1 Qh4 55. Kf1 Qd4 56. Bc6 Re3 57. Bg2 Rc3 58. Qe1 Qf4+
59. Kg1 Rc1 0-1

[Event "Ïåðâåíñòâî Ìîñêâû ïî øàõìàòàì"]
[Site "Ìîñêâà, ÌÃÈÌÎ ïð. Âåðíàäñêîãî,"]
[Date "2018.11.20"]
[Round "4.18"]
[White "Urusov, German"]
[Black "Kondrashev, Kirill"]
[Result "1-0"]
[WhiteElo "1331"]
[BlackElo "1523"]
[PlyCount "75"]
[EventDate "2018.11.18"]

1. d4 d5 2. c4 e6 3. Nf3 Nf6 4. g3 Be7 5. Bg2 O-O 6. O-O dxc4 7. Ne5 c5 8. dxc5
Qc7 9. Nxc4 Qxc5 10. b3 Rd8 11. Nbd2 Qc7 12. e3 Nc6 13. Qe2 Bd7 14. Bb2 Rac8
15. Rac1 Qb8 16. Rfd1 Be8 17. Nf3 Rxd1+ 18. Rxd1 b5 19. Nce5 Nb4 20. Nd4 Qxe5
21. Nc6 Qc5 22. Bd4 Qxc6 23. Bxc6 Bxc6 24. Rc1 Rc7 25. Bc5 Bxc5 26. Rxc5 Nd7
27. Qd2 Nd5 28. Rc2 Ne5 29. Qa5 h5 30. e4 Nb6 31. Qb4 Nf3+ 32. Kf1 Nxh2+ 33.
Ke2 Nc8 34. f3 f5 35. Ke3 Nf1+ 36. Kf2 fxe4 37. Kxf1 exf3 38. Qf4 1-0

[Event "Ïåðâåíñòâî Ìîñêâû ïî øàõìàòàì"]
[Site "Ìîñêâà, ÌÃÈÌÎ ïð. Âåðíàäñêîãî,"]
[Date "2018.11.20"]
[Round "4.19"]
[White "Azimov, Timur"]
[Black "Mishin, Matvey"]
[Result "1-0"]
[WhiteElo "1408"]
[BlackElo "1319"]
[PlyCount "87"]
[EventDate "2018.11.18"]

1. e4 e5 2. Nf3 Nc6 3. Bb5 a6 4. Ba4 Nf6 5. d3 b5 6. Bb3 Be7 7. O-O O-O 8. c3
d6 9. h3 Be6 10. Bxe6 fxe6 11. Ng5 Qd7 12. Nd2 h6 13. Ngf3 Nh7 14. Re1 Ng5 15.
Nxg5 Bxg5 16. Nf3 Bxc1 17. Rxc1 Qf7 18. Qd2 Rac8 19. d4 exd4 20. cxd4 Ne7 21.
Nh2 c5 22. dxc5 dxc5 23. Ng4 Ng6 24. Qe3 Qf4 25. Qe2 Ne5 26. Nxe5 Qxe5 27. Rcd1
c4 28. Rd7 Rc7 29. Red1 Rxd7 30. Rxd7 Ra8 31. g3 a5 32. Kg2 Rc8 33. f4 Qf6 34.
Ra7 b4 35. Rxa5 c3 36. bxc3 bxc3 37. Qc2 Qd4 38. Kf3 Qb4 39. Ra6 Qb5 40. Rxe6
Qf1+ 41. Kg4 Qc4 42. Rd6 Qb4 43. Rd3 Qxe4 44. Rd8+ 1-0

[Event "Ïåðâåíñòâî Ìîñêâû ïî øàõìàòàì"]
[Site "Ìîñêâà, ÌÃÈÌÎ ïð. Âåðíàäñêîãî,"]
[Date "2018.11.20"]
[Round "4.20"]
[White "Matygin, Fedor"]
[Black "Korolev, Nikolay"]
[Result "1-0"]
[WhiteElo "1242"]
[BlackElo "1639"]
[PlyCount "65"]
[EventDate "2018.11.18"]

1. e4 e5 2. Nc3 Nf6 3. f4 d6 4. Nf3 Nc6 5. Bb5 Bg4 6. h3 Bxf3 7. Qxf3 a6 8.
Bxc6+ bxc6 9. d3 Be7 10. O-O O-O 11. Rf2 Qd7 12. fxe5 dxe5 13. Qg3 Bc5 14. Be3
Bxe3 15. Qxe3 Rab8 16. b3 Rfd8 17. Raf1 Qe6 18. Qg3 Qe7 19. Rxf6 Rf8 20. Rxc6
Qd7 21. Rc4 Qd6 22. Nd5 c6 23. Nf6+ Kh8 24. Nh5 Qh6 25. Qg4 Rbe8 26. Rxc6 Qe3+
27. Kh1 g6 28. Nf6 Rc8 29. Rxc8 Rxc8 30. Qxc8+ Kg7 31. Qg8+ Kh6 32. Qxh7+ Kg5
33. h4# 1-0

[Event "Ïåðâåíñòâî Ìîñêâû ïî øàõìàòàì"]
[Site "Ìîñêâà, ÌÃÈÌÎ ïð. Âåðíàäñêîãî,"]
[Date "2018.11.20"]
[Round "4.21"]
[White "Kotelnikov, Konstantin"]
[Black "Kropachev, Mikhail"]
[Result "0-1"]
[WhiteElo "1370"]
[BlackElo "1332"]
[PlyCount "116"]
[EventDate "2018.11.18"]

1. e4 e6 2. Nf3 c5 3. d4 cxd4 4. Nxd4 Nc6 5. c4 Bc5 6. Be3 Qb6 7. Nc2 Bxe3 8.
Nxe3 Qxb2 9. Nd2 Nf6 10. Be2 Qe5 11. Bf3 Nd4 12. O-O b6 13. Ng4 Nxg4 14. Bxg4
Bb7 15. f4 Qc5 16. Kh1 O-O 17. Rc1 Rac8 18. Nf3 Nxf3 19. Bxf3 Rfd8 20. e5 Bxf3
21. Rxf3 d5 22. exd6 Qxd6 23. Qxd6 Rxd6 24. h3 Rdc6 25. Rd3 g6 26. Rd7 R8c7 27.
Rxc7 Rxc7 28. Kg1 Rc5 29. Kf2 e5 30. fxe5 Rxe5 31. Rd1 Ra5 32. Rd2 Ra3 33. Kg1
Rc3 34. Rd7 Ra3 35. Rd2 Kf8 36. Kh2 Ra4 37. Rc2 Ke7 38. Kg3 f5 39. Kf3 Kd6 40.
g4 fxg4+ 41. hxg4 Kc5 42. Rh2 h5 43. gxh5 gxh5 44. Rxh5+ Kxc4 45. Rh4+ Kb5 46.
Rh5+ Kb4 47. Rh4+ Ka3 48. Rh2 Rb4 49. Ke3 Rb2 50. Rh7 a5 51. Kd3 Kxa2 52. Kc3
b5 53. Rh5 a4 54. Rh8 b4+ 55. Kc4 b3 56. Kb4 Rc2 57. Rh3 Rf2 58. Kxa4 b2 0-1

[Event "Ïåðâåíñòâî Ìîñêâû ïî øàõìàòàì"]
[Site "Ìîñêâà, ÌÃÈÌÎ ïð. Âåðíàäñêîãî,"]
[Date "2018.11.20"]
[Round "4.23"]
[White "Novikov, Fedor"]
[Black "Belyaev, Fedor"]
[Result "1-0"]
[WhiteElo "1432"]
[BlackElo "1332"]
[PlyCount "111"]
[EventDate "2018.11.18"]

1. d4 Nf6 2. c4 e6 3. Nc3 Bb4 4. a3 Bxc3+ 5. bxc3 c5 6. Qc2 Nc6 7. Nf3 Qa5 8.
Bd2 Qb6 9. e3 O-O 10. Bd3 Qc7 11. O-O b6 12. e4 d6 13. d5 exd5 14. cxd5 Ne7 15.
c4 Ng6 16. Rfe1 Bg4 17. h3 Bxf3 18. gxf3 Qe7 19. f4 Nh5 20. f5 Ne5 21. Be2 Qh4
22. Bxh5 Qxh5 23. Re3 Nf3+ 24. Kg2 Nxd2 25. Qxd2 Qg5+ 26. Kh2 Qf4+ 27. Kh1 g6
28. Rg1 Rfe8 29. Rg4 Qh6 30. Kh2 Kh8 31. fxg6 hxg6 32. Qc3+ Qg7 33. Qxg7+ Kxg7
34. Rg1 Re7 35. f4 Rae8 36. Rge1 f6 37. Kg3 g5 38. fxg5 fxg5 39. Kg4 Kg6 40. e5
dxe5 41. d6 Rd7 42. Rxe5 Rxe5 43. Rxe5 Rxd6 44. Rxg5+ Kf7 45. Rd5 Rg6+ 46. Rg5
Kf6 47. Rxg6+ Kxg6 48. a4 Kh6 49. h4 Kg6 50. h5+ Kh6 51. Kh4 Kg7 52. Kg5 Kh7
53. h6 Kh8 54. Kg6 Kg8 55. h7+ Kf8 56. h8=Q+ 1-0

[Event "Ïåðâåíñòâî Ìîñêâû ïî øàõìàòàì"]
[Site "Ìîñêâà, ÌÃÈÌÎ ïð. Âåðíàäñêîãî,"]
[Date "2018.11.21"]
[Round "5.1"]
[White "Israfilov, Ali"]
[Black "Kolesov, Gordey"]
[Result "0-1"]
[WhiteElo "1904"]
[BlackElo "1823"]
[PlyCount "72"]
[EventDate "2018.11.18"]

1. e4 e5 2. Nf3 Nc6 3. Bb5 a6 4. Ba4 b5 5. Bb3 g6 6. d4 exd4 7. c3 Bg7 8. Bg5
Nge7 9. cxd4 h6 10. Be3 O-O 11. Qd2 Kh7 12. d5 Nb8 13. O-O d6 14. a4 bxa4 15.
Bxa4 f5 16. Nc3 fxe4 17. Nxe4 Bg4 18. Ng3 Bxf3 19. gxf3 Nd7 20. Bc2 Ne5 21. Kg2
Nxf3 22. Qd3 Nh4+ 23. Kh1 Qd7 24. Ra4 Qh3 25. Rg1 Nf3 26. Rg2 Ne1 27. Qe4 Qxg2+
28. Qxg2 Nxg2 29. Kxg2 Nxd5 30. Be4 Nxe3+ 31. fxe3 Rab8 32. Rxa6 Rxb2+ 33. Kh1
Re8 34. Bf3 Rxe3 35. Bg2 Rb1+ 36. Nf1 Ree1 0-1

[Event "Ïåðâåíñòâî Ìîñêâû ïî øàõìàòàì"]
[Site "Ìîñêâà, ÌÃÈÌÎ ïð. Âåðíàäñêîãî,"]
[Date "2018.11.21"]
[Round "5.2"]
[White "Amirdzhanyan, Vladimir"]
[Black "Krivenko, Dmitry"]
[Result "1/2-1/2"]
[WhiteElo "1601"]
[BlackElo "1887"]
[PlyCount "81"]
[EventDate "2018.11.18"]

1. e4 g6 2. d4 Bg7 3. Nf3 d6 4. c4 e6 5. Nc3 Ne7 6. Be3 b6 7. g3 Bb7 8. Bg2 h6
9. Qd2 Nd7 10. h3 Nf6 11. Qc2 O-O 12. O-O Nh5 13. e5 f5 14. Kh2 Rb8 15. Qe2
dxe5 16. dxe5 f4 17. Bd2 fxg3+ 18. fxg3 Nf5 19. Be1 Bxf3 20. Bxf3 Nd4 21. Qe4
Nxf3+ 22. Rxf3 Rxf3 23. Qxf3 Bxe5 24. Qe3 Qg5 25. Qxg5 hxg5 26. Kg2 Rd8 27. Bf2
Rd2 28. Rb1 Nxg3 29. Re1 Bd4 30. Nd1 Nh5 31. Kf3 Bxf2 32. Nxf2 Nf4 33. Ne4 Rxb2
34. Nxg5 Nd3 35. Rxe6 Rxa2 36. Rxg6+ Kf8 37. Ke4 Nc5+ 38. Kd5 Rd2+ 39. Kc6 Rd6+
40. Rxd6 cxd6 41. Kxd6 1/2-1/2

[Event "Ïåðâåíñòâî Ìîñêâû ïî øàõìàòàì"]
[Site "Ìîñêâà, ÌÃÈÌÎ ïð. Âåðíàäñêîãî,"]
[Date "2018.11.21"]
[Round "5.3"]
[White "Kishiev, Famil"]
[Black "Godzhurov, Lidzhi"]
[Result "1/2-1/2"]
[WhiteElo "1313"]
[BlackElo "1790"]
[PlyCount "141"]
[EventDate "2018.11.18"]

1. e4 c5 2. Nc3 Nc6 3. Be2 g6 4. Nf3 Bg7 5. O-O e6 6. d3 Nge7 7. Bf4 a6 8. Bd6
b6 9. Qd2 Bb7 10. e5 Nc8 11. Ne4 N6e7 12. Bxe7 Qxe7 13. Qf4 Bxe4 14. Qxe4 Rb8
15. d4 b5 16. Rad1 Nb6 17. c3 O-O 18. Nd2 Na4 19. Rb1 Rfc8 20. Bd1 Nb6 21. Nb3
cxd4 22. cxd4 Nc4 23. Be2 d5 24. Qg4 h5 25. Qf3 Qd8 26. Bxc4 dxc4 27. Nc5 Qxd4
28. Nxa6 Ra8 29. Nb4 Qxe5 30. Rfd1 Bf8 31. a3 c3 32. bxc3 Rxa3 33. Nc6 Qc5 34.
Nd4 Rxc3 35. Qe2 b4 36. g3 Bg7 37. Nb3 Qb6 38. Nd2 Rc2 39. Qe4 Bd4 40. Qf3 R8c3
41. Qa8+ Kg7 42. Qg2 Rd3 43. Ne4 Rxd1+ 44. Rxd1 b3 45. Nd2 b2 46. Nb1 Rc1 47.
Qf3 Bxf2+ 48. Kg2 Bd4 49. Kh3 e5 50. Rf1 Qe6+ 51. Kg2 e4 52. Qe2 Rxf1 53. Kxf1
e3 54. Qc2 Qf5+ 55. Qxf5 gxf5 56. Ke2 Kf6 57. Na3 Kg5 58. Kf3 Bc5 59. Nb1 h4
60. Nc3 Bb4 61. Nb1 hxg3 62. hxg3 Bd2 63. Na3 Kf6 64. Ke2 Ke5 65. Nc4+ Ke4 66.
Nxb2 Bb4 67. Nc4 Bc5 68. Nb2 f4 69. gxf4 Kxf4 70. Nd3+ Ke4 71. Nxc5+ 1/2-1/2

[Event "Ïåðâåíñòâî Ìîñêâû ïî øàõìàòàì"]
[Site "Ìîñêâà, ÌÃÈÌÎ ïð. Âåðíàäñêîãî,"]
[Date "2018.11.21"]
[Round "5.4"]
[White "Sokolov, Egor"]
[Black "Osipenko, Ivan"]
[Result "0-1"]
[WhiteElo "1429"]
[BlackElo "1638"]
[PlyCount "264"]
[EventDate "2018.11.18"]

1. e4 e6 2. d3 d5 3. Nd2 Nf6 4. Ngf3 Nc6 5. g3 dxe4 6. dxe4 Bc5 7. Bg2 e5 8.
O-O O-O 9. c3 a5 10. Qc2 b6 11. Nc4 Qe7 12. a4 Ba6 13. Nfd2 Rad8 14. b3 h6 15.
h3 Rd7 16. Rd1 Rfd8 17. Bf1 Bb7 18. Ba3 Na7 19. Bxc5 Qxc5 20. Bg2 Rd3 21. Re1
Nc6 22. Re3 Rxe3 23. Nxe3 Nb4 24. Qb2 Nd3 25. Qc2 h5 26. Rd1 Qe7 27. Ndc4 Nc5
28. f3 Rxd1+ 29. Qxd1 Ba6 30. b4 axb4 31. cxb4 Bxc4 32. Nxc4 Na6 33. b5 Qc5+
34. Kh2 Qxc4 35. bxa6 Qxa6 36. Qd8+ Kh7 37. Qxc7 Qxa4 38. Qxb6 Qa2 39. Qc7 Qe6
40. Qc1 Ng8 41. Qg5 g6 42. Qd8 Ne7 43. Qc7 g5 44. Qc1 Qg6 45. Qc7 Qf6 46. Qc1
Ng6 47. Qe3 h4 48. g4 Nf4 49. Bf1 Qc6 50. Qd2 Qc5 51. Bg2 Qe7 52. Qc2 Ne6 53.
Qc3 Nd4 54. Qe3 Kg6 55. Qd3 Qa7 56. Qb1 Qa5 57. Qb8 Kg7 58. Qd6 Ne2 59. Qe7 Kg6
60. Qd6+ f6 61. Qd7 Qa2 62. Qe8+ Qf7 63. Qb5 Nd4 64. Qb2 Qa7 65. Qc3 Qa2 66.
Qd3 Qf2 67. Qc3 Ne2 68. Qa1 Qg3+ 69. Kh1 Qf4 70. Qe1 Nd4 71. Qd1 Qe3 72. Qa4
Qc1+ 73. Kh2 Nc6 74. Qa8 Kf7 75. Qb7+ Ne7 76. Qb3+ Ke8 77. Qb8+ Qc8 78. Qxc8+
Nxc8 79. Kg1 Kd7 80. Kf2 Kd6 81. Ke3 Kc5 82. Kd3 Nd6 83. Kc3 Nb5+ 84. Kd3 Nd4
85. Bh1 Kb4 86. Bg2 Kb3 87. Kd2 Ne6 88. Bf1 Nf4 89. Kc1 Kc3 90. Kd1 Kd4 91. Kd2
Ne6 92. Bg2 Nd8 93. Bf1 Nc6 94. Bg2 Na5 95. Bf1 Nc6 96. Bg2 Kc5 97. Kc3 Nd4 98.
Kd3 Kb4 99. Bh1 Kb3 100. Kd2 Kb2 101. Bg2 Nb3+ 102. Kd3 Kc1 103. Kc4 Nd4 104.
Kd5 Kd2 105. Bf1 Ke3 106. Kd6 Kxf3 107. Ke7 Kxe4 108. Kxf6 Kf4 109. Bd3 Nf3
110. Bf1 e4 111. Bg2 e3 112. Bf1 Kg3 113. Kf5 Kf2 114. Ba6 e2 115. Bxe2 Kxe2
116. Kg6 Kf2 117. Kf5 Kg3 118. Ke4 Ng1 119. Ke5 Nxh3 120. Kf5 Nf2 121. Kxg5 h3
122. Kf5 h2 123. g5 h1=Q 124. g6 Qe4+ 125. Kf6 Ng4+ 126. Kf7 Ne5+ 127. Kf8
Nxg6+ 128. Kf7 Kg4 129. Kg7 Kf5 130. Kh6 Qh4+ 131. Kg7 Qh8+ 132. Kf7 Qf8# 0-1

[Event "Ïåðâåíñòâî Ìîñêâû ïî øàõìàòàì"]
[Site "Ìîñêâà, ÌÃÈÌÎ ïð. Âåðíàäñêîãî,"]
[Date "2018.11.21"]
[Round "5.5"]
[White "Pugach, Gleb"]
[Black "Kalashnikov, Mikhail"]
[Result "1-0"]
[WhiteElo "1548"]
[BlackElo "1252"]
[PlyCount "89"]
[EventDate "2018.11.18"]

1. e4 c5 2. Nf3 Nc6 3. d4 cxd4 4. Nxd4 g6 5. c4 Bg7 6. Be3 Nf6 7. Nc3 O-O 8.
Be2 d6 9. Qd2 Bd7 10. O-O Qa5 11. f3 Rac8 12. a3 Qd8 13. b4 Ne5 14. Qa2 a5 15.
Rfc1 axb4 16. axb4 Ra8 17. Qb2 Qc7 18. Ndb5 Bxb5 19. Nxb5 Qd7 20. Rxa8 Rxa8 21.
Ra1 Rc8 22. Qb3 Qe6 23. Nd4 Qd7 24. Ra5 Nc6 25. Nxc6 bxc6 26. Ra7 Rc7 27. Ra8+
Rc8 28. Qa4 Kf8 29. Ra7 Rc7 30. Rxc7 Qxc7 31. Qa8+ Ne8 32. b5 c5 33. Bd2 e6 34.
Qa5 Ke7 35. b6 Qb7 36. Bd1 Bd4+ 37. Kf1 d5 38. Ba4 dxe4 39. Qa7 Qxa7 40. bxa7
Nc7 41. Ba5 exf3 42. Bxc7 f2 43. a8=Q e5 44. Qd8+ Ke6 45. Bd7# 1-0

[Event "Ïåðâåíñòâî Ìîñêâû ïî øàõìàòàì"]
[Site "Ìîñêâà, ÌÃÈÌÎ ïð. Âåðíàäñêîãî,"]
[Date "2018.11.21"]
[Round "5.6"]
[White "Korolev, Kirill O"]
[Black "Sepiashvili, Ivan"]
[Result "1-0"]
[WhiteElo "1505"]
[BlackElo "1636"]
[PlyCount "55"]
[EventDate "2018.11.18"]

1. d4 d5 2. c4 e6 3. Nc3 Nf6 4. Bg5 Be7 5. Nf3 Nbd7 6. e3 a6 7. cxd5 exd5 8.
Bd3 c6 9. O-O O-O 10. Qc2 Re8 11. Bxf6 Nxf6 12. Ne5 Bd6 13. f4 Qe7 14. Rae1 c5
15. h3 c4 16. Bf5 b5 17. a3 Qb7 18. g4 Bxf5 19. Qxf5 Ne4 20. Nxe4 dxe4 21. g5
Rac8 22. Rc1 Rc7 23. Rc3 Qd5 24. Qg4 a5 25. Nd7 Kh8 26. Ne5 f6 27. Qh5 Rcc8 28.
g6 1-0

[Event "Ïåðâåíñòâî Ìîñêâû ïî øàõìàòàì"]
[Site "Ìîñêâà, ÌÃÈÌÎ ïð. Âåðíàäñêîãî,"]
[Date "2018.11.21"]
[Round "5.7"]
[White "Voronin, Nikita"]
[Black "Anisimov, Yuri"]
[Result "0-1"]
[WhiteElo "1358"]
[BlackElo "1607"]
[PlyCount "184"]
[EventDate "2018.11.18"]

1. d4 Nf6 2. Nf3 e6 3. c4 d5 4. Qc2 Be7 5. Nbd2 O-O 6. g3 c5 7. cxd5 cxd4 8.
dxe6 Bxe6 9. Bg2 Nc6 10. a3 Rc8 11. Qb1 Qb6 12. Ng5 Bd7 13. Nge4 Nxe4 14. Nxe4
Ne5 15. O-O Bc6 16. Bf4 Ng6 17. Nd6 Bxd6 18. Bxd6 Rfd8 19. Bb4 Bxg2 20. Kxg2
Qc6+ 21. Kg1 Qc2 22. Re1 Re8 23. Qxc2 Rxc2 24. Rad1 Rxb2 25. Rxd4 h6 26. e3 Ne5
27. Kg2 Nc6 28. Rg4 Nxb4 29. Rxb4 Rxb4 30. axb4 Re4 31. Rb1 Re6 32. Ra1 a6 33.
Ra4 Kf8 34. Kf3 Ke7 35. e4 Kd7 36. Ke3 Kc6 37. Ra5 Rd6 38. Rc5+ Kd7 39. b5 axb5
40. Rxb5 Kc6 41. Re5 Rd7 42. f4 b5 43. Re8 Ra7 44. Kd4 Rd7+ 45. Kc3 f6 46. Rc8+
Kb7 47. Rc5 Kb6 48. Rh5 Ka5 49. Rc5 Ka4 50. Rc8 Ka5 51. Rc5 Ka4 52. Rc8 Ka5 53.
Ra8+ Kb6 54. Rb8+ Kc6 55. Rc8+ Kb7 56. Re8 Kc6 57. Rc8+ Rc7 58. Rd8 Kb6+ 59.
Kb3 Re7 60. Rd4 Kc6 61. Kb4 Ra7 62. Kb3 Ra1 63. Rd8 Re1 64. Rc8+ Kd6 65. Rd8+
Ke7 66. Rb8 Rxe4 67. Rxb5 Re2 68. Rh5 Kf7 69. Rh3 Kg6 70. g4 Rg2 71. Rh4 Rf2
72. h3 Rxf4 73. Rh5 f5 74. Rh4 fxg4 75. hxg4 Kg5 76. Rh2 Rxg4 77. Kc3 h5 78.
Kd3 h4 79. Ke3 Kh5 80. Kf3 g5 81. Ra2 Rf4+ 82. Kg2 Kg4 83. Ra3 Rb4 84. Rc3 Rb2+
85. Kg1 h3 86. Rc4+ Kg3 87. Rc3+ Kh4 88. Rc4+ g4 89. Rd4 Rb8 90. Kh2 Rf8 91.
Rd7 g3+ 92. Kg1 h2+ 0-1

[Event "Ïåðâåíñòâî Ìîñêâû ïî øàõìàòàì"]
[Site "Ìîñêâà, ÌÃÈÌÎ ïð. Âåðíàäñêîãî,"]
[Date "2018.11.21"]
[Round "5.8"]
[White "Isaykin, Valery"]
[Black "Maranin, Sergey"]
[Result "1/2-1/2"]
[WhiteElo "1417"]
[BlackElo "1370"]
[PlyCount "116"]
[EventDate "2018.11.18"]

1. e4 c5 2. Nf3 e6 3. d4 cxd4 4. Nxd4 Nf6 5. Nc3 Nc6 6. Ndb5 Bb4 7. a3 Bxc3+ 8.
Nxc3 d5 9. Bg5 d4 10. Nb5 a6 11. e5 axb5 12. exf6 gxf6 13. Bh4 Qa5+ 14. Qd2
Qxd2+ 15. Kxd2 Ke7 16. Bxb5 Ra5 17. a4 Rg8 18. Rae1 Na7 19. b4 Rxb5 20. axb5
Nxb5 21. Kd3 Bd7 22. h3 Bc6 23. Rhg1 Ra8 24. Ra1 Rd8 25. f3 Nc3 26. g4 e5 27.
Rge1 Ke6 28. Ra5 Nd5 29. Kd2 b6 30. Ra7 Nf4 31. Bg3 Ng2 32. Rf1 Bb5 33. Rf2 Ne3
34. Rb7 Rd6 35. Ke1 d3 36. cxd3 Bxd3 37. Rd2 Nc2+ 38. Kf2 Nxb4 39. f4 exf4 40.
Bxf4 Rc6 41. Be3 Ba6 42. Rxb6 Rxb6 43. Bxb6 Nd3+ 44. Kg3 f5 45. Ra2 Bb7 46. Be3
fxg4 47. hxg4 Ne5 48. Rb2 Nc4 49. Rxb7 Nxe3 50. Rb8 Kf6 51. Re8 Nd5 52. Kh4 Kg7
53. Kg5 Nc7 54. Rb8 Ne6+ 55. Kh4 h6 56. Ra8 Kh7 57. Ra7 Kg7 58. Kg3 Kg6 1/2-1/2

[Event "Ïåðâåíñòâî Ìîñêâû ïî øàõìàòàì"]
[Site "Ìîñêâà, ÌÃÈÌÎ ïð. Âåðíàäñêîãî,"]
[Date "2018.11.21"]
[Round "5.9"]
[White "Andreev, Konstantin"]
[Black "Yusupov, Ilya"]
[Result "1-0"]
[WhiteElo "1589"]
[BlackElo "1461"]
[PlyCount "57"]
[EventDate "2018.11.18"]

1. e4 e6 2. d4 d5 3. exd5 exd5 4. c4 c6 5. Nc3 Nf6 6. Nf3 h6 7. Be2 Be7 8. O-O
O-O 9. Be3 Bf5 10. Qb3 Bc8 11. Rfe1 Na6 12. Ne5 Nc7 13. Rad1 Re8 14. Bf4 Ne6
15. Bg3 a6 16. cxd5 cxd5 17. Bf3 Nc7 18. Nxf7 Kxf7 19. Bxc7 Qxc7 20. Nxd5 Nxd5
21. Qxd5+ Kf6 22. Re3 Bf5 23. g4 Bd7 24. Qe5+ Qxe5 25. dxe5+ Kg6 26. Rxd7 Kh7
27. Be4+ g6 28. e6 Rad8 29. Bxb7 1-0

[Event "Ïåðâåíñòâî Ìîñêâû ïî øàõìàòàì"]
[Site "Ìîñêâà, ÌÃÈÌÎ ïð. Âåðíàäñêîãî,"]
[Date "2018.11.21"]
[Round "5.10"]
[White "Safinov, Artem"]
[Black "Urivskiy, Arseniy A"]
[Result "0-1"]
[WhiteElo "1452"]
[BlackElo "1234"]
[PlyCount "64"]
[EventDate "2018.11.18"]

1. d4 d5 2. c4 e6 3. Nc3 Nf6 4. Bg5 Nbd7 5. e3 c6 6. Nf3 Be7 7. cxd5 exd5 8.
Bd3 O-O 9. O-O b6 10. Rc1 Bb7 11. Bb1 Re8 12. Qd3 Nf8 13. Ne5 Ng6 14. Nxg6 hxg6
15. Ne2 Ne4 16. Bxe7 Qxe7 17. Nc3 f5 18. Nxe4 fxe4 19. Qd2 Rf8 20. b4 Qh4 21.
Qe1 Qg5 22. b5 Rf6 23. Qb4 Bc8 24. Kh1 Bd7 25. bxc6 Bxc6 26. Qd2 Raf8 27. Kg1
Bd7 28. f4 exf3 29. g3 f2+ 30. Kg2 Bh3+ 31. Kh1 Bxf1 32. Rxf1 Qg4 0-1

[Event "Ïåðâåíñòâî Ìîñêâû ïî øàõìàòàì"]
[Site "Ìîñêâà, ÌÃÈÌÎ ïð. Âåðíàäñêîãî,"]
[Date "2018.11.21"]
[Round "5.11"]
[White "Kropachev, Mikhail"]
[Black "Tarasov, Lev"]
[Result "1/2-1/2"]
[WhiteElo "1332"]
[BlackElo "1323"]
[PlyCount "84"]
[EventDate "2018.11.18"]

1. e4 c5 2. Nf3 d6 3. d4 cxd4 4. Nxd4 Nf6 5. Nc3 e6 6. Be3 a6 7. Be2 Nbd7 8.
O-O b5 9. f3 Bb7 10. a3 Qc7 11. Qd2 Rc8 12. Rac1 Be7 13. Bd3 Ne5 14. Qf2 O-O
15. Rfe1 Nc4 16. Bxc4 Qxc4 17. Qg3 Nd7 18. Qf2 Rfd8 19. Qe2 Qc7 20. Na2 Ne5 21.
c3 Nc4 22. Bf2 Bg5 23. Rcd1 h6 24. Nb4 d5 25. exd5 Bxd5 26. Nxa6 Qb7 27. Nb4 h5
28. Nxd5 Rxd5 29. Nb3 Rcd8 30. Rxd5 Rxd5 31. Nc5 Qc6 32. Ne4 Bh6 33. b3 Nd2 34.
b4 Nxe4 35. fxe4 Rd2 36. Qxh5 Qxc3 37. Qxb5 g6 38. a4 Qb2 39. Qc5 Bg7 40. Kf1
Bd4 41. Bxd4 Rxd4 42. a5 Rxb4 1/2-1/2